000 00639nam a2200241Ia 4500
003 OSt
005 20221006143011.0
006 a|||||r|||| 00| 0
007 ta
008 221006b |||||||| |||| 00| 0 eng d
024 _a7,763
037 _cTextual
040 _aEASL
_cEASL
_beng
041 _2eng
_aeng
082 _aY:6v42.N6, K7
100 _aYOSHIDA Shigeru
_9108189
245 0 _aJapan's decisive century 1867-1967
260 _aNew York
_bFrederick A Praeger Pub.
_c1967
300 _a110p.
_ccm.
490 _v JEL
942 _hY:6v42.N6, K7
_cTEXL
_2CC
999 _c1075849
_d1075849